| 000 | 00469cam a2200181ua 4500 | ||
|---|---|---|---|
| 020 | _c$ 8.75 | ||
| 041 |
_aeng _h |
||
| 082 |
_a515.43 _bBRA/AD |
||
| 100 | _aBrand, Louis . | ||
| 245 |
_aAdvanced calculus : An introduction to classical analysis / _cLouis Brand. _hTextual Documents |
||
| 250 |
_a1 / _b. |
||
| 260 |
_aNew York : _bJohn Wiley & Sons , _c1955. |
||
| 300 | _a574 ; . | ||
| 365 | _a$ 8.75 | ||
| 504 | _a | ||
| 942 | _cBK | ||
| 999 |
_c2925 _d2925 |
||